Psicología de las materias de enseñanza primaria

Salvato in:
Dettagli Bibliografici
Autore principale: Reed, H. B (Autore)
Natura: Libro
Lingua:spagnolo
Pubblicazione: Ciudad de México UTEHA 1949
Serie:Biblioteca UTEHA. Clásicos y Modernos de Educación
Soggetti:
Tags: Aggiungi Tag
Nessun Tag, puoi essere il primo ad aggiungerne!!

MARC

LEADER 00000nam a2200000 a 4500
001 UCU1658
003 CL-VaPUC
008 960409e19490000MX |||||||||||||||||spa|d
082 0 4 |a 370.15  |b REE  |2 21 
100 0 |a Reed, H. B  |e author  |9 357323 
245 1 0 |a Psicología de las materias de enseñanza primaria 
300 |a 577 p 
942 |c BK 
945 |d 19960409 00:00:00  |a cmena 
260 |a Ciudad de México  |b UTEHA  |c 1949 
650 0 |a Educación básica   |9 224933 
650 0 |a Psicología educacional   |9 307830 
650 0 |a Planificación del currículo  |9 269599 
650 0 |a Motivación   |9 315362 
650 0 |a Métodos de enseñanza  |9 270413 
650 0 |a Educación lingüística  |9 306506 
650 0 |a Matemáticas  |x Enseñanza  |9 875527 
650 0 |a Educación cívica  |9 314665 
650 0 |a Enseñanza de la geografía  |9 310005 
650 7 |a EDUCACION SANITARIA  |2 CL-VaPUC  |9 339099 
583 |a last modification  |c 20170830 09:37:15  |k Rodrigo Vera 
490 0 |a Biblioteca UTEHA. Clásicos y Modernos de Educación 
999 |c 246203  |d 246201 
952 |0 0  |1 0  |4 0  |6 370_150000000000000_REE_1949  |7 0  |8 P  |9 260958  |a BIBEDU  |b BIBEDU  |c BIBEDU_PB  |d 2019-11-19  |i 2016826  |o 370.15 REE 1949  |p 2016826  |r 2024-01-25  |w 2019-11-19  |y BK  |k EDU